000 00621nam a2200217Ia 4500
003 OSt
005 20220923225318.0
006 a|||||r|||| 00| 0
007 ta
008 220922b |||||||| |||| 00| 0 hin d
024 _a263,135
037 _cTextual
040 _aARTS
_cARTS
_bhin
041 _2hin
_ahin
082 _aY15xN08, 152P4
245 0 _aस्त्री के पास खोने के लिए कुछ नहीं है
246 _aStrī ke pās khone ke lie kuchh nahīan hai
260 _c2004
942 _hY15xN08, 152P4
_cTEXL
_2CC
999 _c377496
_d377496